| 000 | 00845nam a2200229Ia 4500 | ||
|---|---|---|---|
| 003 | OSt | ||
| 005 | 20250901122010.0 | ||
| 008 | 210210b2002 xxu||||| |||| 00| 0 eng d | ||
| 040 | _cAL | ||
| 041 | _aKannada | ||
| 082 | _a338.9K ECHA | ||
| 100 |
_aH R K mattu H C V G. _dಎಚ್ ಆರ್ ಕೆ ಮತ್ತು ಎಚ್ ಸಿ ವಿ ಜಿ _9160190 |
||
| 245 |
_aAbivraddhi arthashasthra. _bಅಭಿವೃದ್ಧಿ ಅರ್ಥಶಾಸ್ತ್ರ |
||
| 250 | _a4 Rev | ||
| 260 |
_aBengaluru. _bSvapna Buk Haus., _c2002 |
||
| 300 | _axvi,407,xiv | ||
| 500 | _aಕೃಷ್ಣಮೂರ್ತಿ ಹೊಸಬೀಡು ಎಚ್.ಆರ್ ಮತ್ತು ವೀರಪ್ಪಗೌಡ ಎಚ್.ಸಿ. | ||
| 650 |
_aDevelopment Economics _9160191 |
||
| 690 |
_aEconomic Development _9160192 |
||
| 906 | _a057875 | ||
| 942 |
_2ddc _cBK |
||
| 999 |
_c105419 _d105419 |
||